000 00424nam a2200181Ia 4500
001 11689
005 20260306162846.0
008 260306t1972||||xx |||||||||||||| ||spa||
041 _aESP
082 _a985.041
_bB72
100 _aBolívar, Simón [1783-1830]
_eAUT
245 0 _aCarta de Jamaica
260 _c1972
300 _a239 páginas :
_c23 cm.
650 _aGEN
654 _aCHU
942 _cLIB
_dJUS
_fJUS
_2ddc
_n
999 _c11689
_d11689